zpět

Detail výsledku týmu

The PUB Praha 6 , Praha

Datum a čas kvízu

36.5 Celkem bodů Celkový počet nahraných bodů na tomto kvízu bez doplňovacích otázek.
3. Pořadí na kvízu Konečné umístění týmu na tomto kvízu.

Zaznamenané odpovědi

# Otázka Odpověď Body Výsledky
1. Jak se jmenuje člen britské kr... princ Edward 1
2. Doplňte dvě slova názvu dokume... obranné spolupráci 1
3. Minulý týden přetřásala bulvár... Tiffany Richbitch 1
4. Na brněnském výstavišti proběh... na zbraně a vojenskou techniku 1
5. Reprezentanti které země napro... Číny 1
6. Podíváme se na různé suroviny... A) na hřbetě 0
7. Máte-li raději něco zdravějšíh... C) pšenice 0
8. Který produkt z ptáka jménem s... D) hnízda 0
9. Ovsucha čili zizánie vodní je... A) indiánská rýže 0
10. Koření zvané hřebíček není tře... nerozvitá poupata 0